World Cup 2022 Countries - Statistics

General Stats
  • This quiz has been taken 33 times
  • The average score is 23 of 32
Answer Stats
Countries % Correct
Argentina
93%
France
90%
Brazil
87%
Japan
83%
Spain
83%
Croatia
80%
England
80%
Germany
80%
Mexico
80%
United States
80%
Poland
77%
South Korea
77%
Canada
73%
Portugal
73%
Qatar
73%
Morocco
70%
Netherlands
70%
Uruguay
70%
Australia
67%
Belgium
67%
Saudi Arabia
67%
Switzerland
67%
İran
63%
Wales
63%
Costa Rica
60%
Denmark
60%
Senegal
60%
Ecuador
57%
Ghana
53%
Cameroon
50%
Serbia
50%
Tunisia
47%
No matching quizzes found
Score Distribution
Percent of People with Each Score
Percentile by Number Answered
Your Score History
You have not taken this quiz